[Event "South Moravia Region-chT 2223"]
[Site "Czech Republic"]
[Date "2022.10.09"]
[Round "1.8"]
[White "Mizak, Jan"]
[Black "Kriz, Tomas"]
[Result "0-1"]
[WhiteElo "1869"]
[BlackElo "1744"]
[PlyCount "144"]
[EventDate "2022.10.09"]
[EventType "team-tourn"]
[EventRounds "11"]
[EventCountry "CZE"]
[SourceTitle "EXT 2024"]
[Source "ChessBase"]
[SourceDate "2023.10.10"]
[SourceVersion "1"]
[SourceVersionDate "2023.10.10"]
[SourceQuality "1"]

1. d4 Nf6 2. Bf4 g6 3. Nc3 d5 4. f3 c6 5. e4 dxe4 6. fxe4 Bg7 7. Nf3 Bg4 8. Be2 0-0 9. Qd2 Re8 10. 0-0-0 b5 11. e5 b4 12. exf6 bxc3 13. Qxc3 Bxf6 14. Bc4 Nd7 15. h3 Bxf3 16. Qxf3 Nb6 17. Bb3 Nd5 18. h4 Nxf4 19. Qxf4 a5 20. a4 Rb8 21. Rd3 Rb4 22. Qh6 e6 23. g3 Rxd4 24. Rf3 Bg7 25. Qe3 Re7 26. Rhf1 Red7 27. Kb1 Rd1+ 28. Rxd1 Rxd1+ 29. Ka2 Qd4 30. c3 Qxe3 31. Rxe3 Rd2 32. Bc4 Kf8 33. Ka3 c5 34. b4 Bxc3 35. b5 Bb4+ 36. Kb3 Rd6 37. Be2 Ke7 38. Bf3 f6 39. Kc4 e5 40. Rd3 f5 41. Rxd6 Kxd6 42. Bd5 h6 43. Bf7 g5 44. hxg5 hxg5 45. Bg6 f4 46. gxf4 exf4 47. Bh5 Ba3 48. Bf3 Kc7 49. Be2 Kb6 50. Kd5 Bb2 51. Bg4 Bf6 52. Be2 Bd4 53. Bf3 Bf2 54. Be2 Kc7 55. Bg4 c4 56. Kxc4 Kd6 57. Bh5 Ke5 58. Bf3 Kf5 59. Kd5 g4 60. Be4+ Kg5 61. Kc6 f3 62. b6 Kf4 63. Bxf3 gxf3 64. Kb5 Bxb6 65. Kxb6 f2 66. Kxa5 f1Q 67. Kb6 Qb1+ 68. Ka6 Qb8 69. a5 Qa8+ 70. Kb6 Ke5 71. a6 Kd6 72. a7 Kd7 0-1

[Event "CZE-chT2E 1617"]
[Site "Czech Republic"]
[Date "2017.03.19"]
[Round "10.7"]
[White "Mizak, Jan"]
[Black "Benes, Miroslav"]
[Result "0-1"]
[WhiteElo "1941"]
[BlackElo "2039"]
[PlyCount "58"]
[EventDate "2016.09.10"]
[EventType "team-tourn"]
[EventRounds "11"]
[EventCountry "CZE"]
[SourceTitle "EXT 2022"]
[Source "ChessBase"]
[SourceDate "2021.10.06"]
[SourceVersion "1"]
[SourceVersionDate "2021.10.06"]
[SourceQuality "1"]
[WhiteTeam "Adamov"]
[BlackTeam "Kromeriz Slavia II"]
[WhiteTeamCountry "CZE"]
[BlackTeamCountry "CZE"]

1. c4 g6 2. Nf3 Bg7 3. g3 Nf6 4. Bg2 0-0 5. 0-0 d6 6. Nc3 c6 7. d4 Qa5 8. Bg5 h6 9. Bd2 Qh5 10. Re1 Bh3 11. e4 Nbd7 12. e5 Ng4 13. Re4 dxe5 14. Nh4 Bxg2 15. Kxg2 f5 16. Re1 exd4 17. Ne2 e5 18. h3 Ngf6 19. Qb3 Nc5 20. Qa3 Nfe4 21. Bb4 b6 22. Rad1 g5 23. Nf3 a5 24. Bxc5 Nxc5 25. Neg1 Rad8 26. b4 axb4 27. Qxb4 e4 28. Nxd4 Bxd4 29. Ne2 Qf3+ 0-1

[Event "CZE-chT2E 1314"]
[Site "Czech Republic"]
[Date "2013.11.17"]
[Round "2.8"]
[White "Docekalova, Alexandra"]
[Black "Mizak, Jan"]
[Result "1/2-1/2"]
[WhiteElo "1820"]
[BlackElo "1997"]
[PlyCount "127"]
[EventDate "2013.11.03"]
[EventType "team-tourn"]
[EventRounds "11"]
[EventCountry "CZE"]
[SourceTitle "EXT 2016"]
[Source "ChessBase"]
[SourceDate "2015.10.08"]
[SourceVersion "1"]
[SourceVersionDate "2015.10.08"]
[SourceQuality "1"]
[WhiteTeam "Prostejov"]
[BlackTeam "Lipovec Garde"]
[WhiteTeamCountry "CZE"]
[BlackTeamCountry "CZE"]

1. e3 g6 2. Nf3 Bg7 3. d4 Nf6 4. Bd3 d5 5. Nbd2 Bg4 6. h3 Bxf3 7. Qxf3 0-0 8. 0-0 Nbd7 9. c3 e5 10. dxe5 Nxe5 11. Qe2 Nxd3 12. Qxd3 c6 13. b3 Qa5 14. Bb2 Rad8 15. Rfd1 Rfe8 16. Qc2 a6 17. c4 dxc4 18. Nxc4 Qc5 19. Bd4 Qe7 20. Bb6 Rd5 21. Rxd5 Nxd5 22. Rd1 Nxb6 23. Nxb6 Qb4 24. Na4 Bf6 25. Qc5 Qe4 26. Qc1 Rd8 27. Rxd8+ Bxd8 28. Nc5 Qe7 29. Qc3 a5 30. Nd3 Bc7 31. g3 h5 32. h4 Qd7 33. Nc5 Qd1+ 34. Kg2 b6 35. Nd3 c5 36. Qc4 Qe2 37. a4 Qd1 38. Qd5 Qg4 39. Qc6 Qc8 40. Nf4 Qb8 41. Nd5 Bd8 42. Qd7 Kg7 43. Nc3 Qc7 44. Qd5 Bf6 45. Nb5 Qe5 46. Qc6 Bd8 47. Nd6 Qe7 48. Nb5 Qe5 49. Qd7 Qe7 50. Qd5 Bc7 51. Qc6 Bd8 52. Nc3 Qc7 53. Qe4 Qe7 54. Qc4 Qe5 55. Ne2 Qd6 56. Nf4 Qe5 57. Nd3 Qd6 58. Nf4 Qe5 59. Qd3 Qc7 60. Nd5 Qd6 61. e4 Qe5 62. f4 Qe6 63. e5 Qc6 64. Qe4 1/2-1/2

[Event "Tabor op"]
[Site "Tabor"]
[Date "2013.07.29"]
[Round "2"]
[White "Mudrak, Josef"]
[Black "Mizak, Jan"]
[Result "1-0"]
[WhiteElo "2330"]
[BlackElo "2032"]
[PlyCount "64"]
[EventDate "2013.07.28"]
[EventType "swiss"]
[EventRounds "9"]
[EventCountry "CZE"]
[SourceTitle "CBM 155 Extra"]
[Source "ChessBase"]
[SourceDate "2013.08.26"]
[SourceVersion "1"]
[SourceVersionDate "2013.08.26"]
[SourceQuality "1"]

1. e4 c5 2. Nf3 d6 3. Nc3 Nf6 4. Bb5+ Bd7 5. d4 cxd4 6. Nxd4 Nc6 7. 0-0 g6 8. h3 Bg7 9. Be3 0-0 10. Re1 Nxd4 11. Bxd4 Bxb5 12. Nxb5 a6 13. Nc3 Rc8 14. Qd2 Re8 15. a4 Qa5 16. Ra3 Rc4 17. Rb3 Qc7 18. Bxf6 Bxf6 19. Nd5 Qc6 20. c3 Bg7 21. Rb6 Qc8 22. Qc2 Bd4 23. Qb3 e6 24. cxd4 exd5 25. Rxd6 Rxe4 26. Rxe4 Rc1+ 27. Kh2 dxe4 28. Qd5 Qc7 29. Qe5 Rc2 30. a5 Rc1 31. Kg3 Rc2 32. Kh4 h6 1-0

[Event "CZE-chT2E 1213"]
[Site "Czech Republic"]
[Date "2013.02.03"]
[Round "8.7"]
[White "Fojtik, Tomas"]
[Black "Mizak, Jan"]
[Result "1-0"]
[WhiteElo "2043"]
[BlackElo "2047"]
[PlyCount "93"]
[EventDate "2012.10.14"]
[EventType "team-tourn"]
[EventRounds "11"]
[EventCountry "CZE"]
[SourceTitle "EXT 2016"]
[Source "ChessBase"]
[SourceDate "2015.10.08"]
[SourceVersion "1"]
[SourceVersionDate "2015.10.08"]
[SourceQuality "1"]
[WhiteTeam "Prusanky Podluzan"]
[BlackTeam "Adamov"]
[WhiteTeamCountry "CZE"]
[BlackTeamCountry "CZE"]

1. d4 d5 2. Nf3 e6 3. g3 Nf6 4. Bg2 Be7 5. 0-0 0-0 6. c4 Nc6 7. b3 b6 8. Bb2 Ba6 9. Nbd2 Bb4 10. Rc1 Ne7 11. a3 Bxd2 12. Nxd2 Rb8 13. b4 dxc4 14. Nxc4 Bb7 15. f3 Ng6 16. e4 c6 17. Qc2 Qe7 18. Qf2 Rfd8 19. Rc2 Rbc8 20. Rfc1 Rc7 21. Ne3 Rdc8 22. Nd1 e5 23. dxe5 Nxe5 24. Qd4 Ng6 25. Ne3 Ne8 26. Nf5 Qf8 27. f4 c5 28. bxc5 bxc5 29. Qc3 c4 30. h3 Qc5+ 31. Kh2 f6 32. Nd4 Qb6 33. a4 a5 34. Nb5 Re7 35. Ba3 Bxe4 36. Re2 Bxg2 37. Bxe7 Nxe7 38. Kxg2 Nd5 39. Qf3 Nb4 40. Qe4 h6 41. Rxc4 Rxc4 42. Qxc4+ Kf8 43. Qe6 Qxe6 44. Rxe6 Kf7 45. Rb6 Nd3 46. Ra6 f5 47. Rxa5 1-0

[Event "CZE-chT2E 1213"]
[Site "Czech Republic"]
[Date "2012.12.16"]
[Round "5.7"]
[White "Mizak, Jan"]
[Black "Kratochvil, Milan"]
[Result "0-1"]
[WhiteElo "2047"]
[BlackElo "2106"]
[PlyCount "84"]
[EventDate "2012.10.14"]
[EventType "team-tourn"]
[EventRounds "11"]
[EventCountry "CZE"]
[SourceTitle "EXT 2016"]
[Source "ChessBase"]
[SourceDate "2015.10.08"]
[SourceVersion "1"]
[SourceVersionDate "2015.10.08"]
[SourceQuality "1"]
[WhiteTeam "Adamov"]
[BlackTeam "Brno Lokomotiva"]
[WhiteTeamCountry "CZE"]
[BlackTeamCountry "CZE"]

1. d4 Nf6 2. Nf3 e6 3. Bf4 d5 4. Nbd2 Bd6 5. Ne5 Nh5 6. e3 Nxf4 7. exf4 c5 8. Bb5+ Bd7 9. Nxd7 Nxd7 10. Qg4 Qf6 11. dxc5 Bxf4 12. c3 Bxd2+ 13. Kxd2 Qxf2+ 14. Qe2 Qxe2+ 15. Kxe2 0-0-0 16. c6 bxc6 17. Bxc6 Kc7 18. Bxd7 Rxd7 19. Rhf1 Kd6 20. Rf4 Rb8 21. b3 Rc7 22. Kd3 f6 23. Ra4 Rb6 24. Rf1 e5 25. Rh4 h6 26. Rg4 Ke6 27. Re1 Rbc6 28. Rc1 g5 29. Rb4 Rb6 30. Rxb6+ axb6 31. a4 f5 32. Ra1 f4 33. a5 bxa5 34. Rxa5 Rc6 35. b4 e4+ 36. Kd2 Ke5 37. Ra2 g4 38. b5 Rb6 39. Rb2 Kd6 40. g3 f3 41. Ke3 Kc5 42. Kf4 f2 0-1

[Event "CZE-chT2E 1112"]
[Site "Czech Republic"]
[Date "2011.10.09"]
[Round "1.8"]
[White "Studeny, Radovan"]
[Black "Mizak, Jan"]
[Result "1/2-1/2"]
[WhiteElo "2090"]
[BlackElo "2042"]
[PlyCount "114"]
[EventDate "2011.10.09"]
[EventType "team-tourn"]
[EventRounds "11"]
[EventCountry "CZE"]
[SourceTitle "EXT 2013"]
[Source "ChessBase"]
[SourceDate "2012.11.22"]
[SourceVersion "1"]
[SourceVersionDate "2012.11.22"]
[SourceQuality "1"]
[WhiteTeam "Stare Mesto II"]
[BlackTeam "Adamov"]
[WhiteTeamCountry "CZE"]
[BlackTeamCountry "CZE"]

1. e4 c5 2. Nf3 d6 3. Bb5+ Bd7 4. Bxd7+ Nxd7 5. c4 Ngf6 6. Nc3 g6 7. 0-0 Bg7 8. Rb1 0-0 9. d4 cxd4 10. Nxd4 Rc8 11. b3 Nc5 12. f3 Qb6 13. Be3 Qd8 14. Qd2 Re8 15. Rfd1 a6 16. Qf2 Qc7 17. Rbc1 Qb8 18. Qh4 h5 19. h3 e5 20. Nde2 b5 21. Nd5 Nxd5 22. Rxd5 Ne6 23. cxb5 Rxc1+ 24. Nxc1 axb5 25. Rd2 Rc8 26. Ne2 Rc6 27. g4 hxg4 28. hxg4 Nf4 29. Nxf4 Rc1+ 30. Kg2 exf4 31. Bxf4 Qb6 32. Qf2 Qxf2+ 33. Rxf2 Rc6 34. Rd2 Bf8 35. a4 bxa4 36. bxa4 Ra6 37. Ra2 f6 38. a5 Kf7 39. Be3 Ke6 40. Bb6 f5 41. exf5+ gxf5 42. Re2+ Kf7 43. gxf5 Ra8 44. Re6 Be7 45. f4 d5 46. Re5 Bd6 47. Rxd5 Bxf4 48. Kf3 Bg5 49. Rd7+ Ke8 50. Rg7 Be7 51. f6 Bf8 52. Ra7 Rxa7 53. Bxa7 Be7 54. Bd4 Bxf6 55. Bxf6 Kd7 56. a6 Kc7 57. Bd8+ Kb8 1/2-1/2

[Event "CZE-chT2E 1011"]
[Site "Czech Republic"]
[Date "2011.01.23"]
[Round "6.7"]
[White "Mizak, Jan"]
[Black "Tichy, Miroslav2222"]
[Result "0-1"]
[WhiteElo "2064"]
[BlackElo "2019"]
[PlyCount "86"]
[EventDate "2010.10.17"]
[EventType "team-tourn"]
[EventRounds "11"]
[EventCountry "CZE"]
[SourceTitle "EXT 2012"]
[Source "ChessBase"]
[SourceDate "2011.11.24"]
[SourceVersion "1"]
[SourceVersionDate "2011.11.24"]
[SourceQuality "1"]
[WhiteTeam "Adamov"]
[BlackTeam "Prostejov"]
[WhiteTeamCountry "CZE"]
[BlackTeamCountry "CZE"]

1. d4 d5 2. Bf4 c5 3. c3 Nc6 4. Nf3 Qb6 5. Qb3 cxd4 6. Qxb6 axb6 7. Nxd4 e5 8. Nxc6 exf4 9. Nd4 Nh6 10. Nd2 Bd6 11. g3 Nf5 12. N2f3 0-0 13. Bg2 h6 14. Nxf5 Bxf5 15. Nd4 Be4 16. Bxe4 dxe4 17. gxf4 Bxf4 18. e3 Be5 19. a3 f5 20. h3 Rae8 21. Ne2 g5 22. Rg1 Kf7 23. Rd1 Rd8 24. Rxd8 Rxd8 25. Nd4 Kf6 26. Ke2 f4 27. h4 f3+ 28. Ke1 gxh4 29. Rh1 Rg8 30. Kf1 Rg4 31. Rg1 h5 32. Nb3 h3 33. Nd2 h2 34. Rh1 b5 35. Nb3 Bc7 36. Nd4 Rg5 37. Nc2 Rg2 38. Ne1 Rg5 39. Nc2 h4 40. Nb4 Bd6 41. Nc2 Rg2 42. Ne1 h3 43. Nc2 Bg3 0-1

[Event "CZE-chT2E 1011"]
[Site "Czech Republic"]
[Date "2010.11.21"]
[Round "3.8"]
[White "Zajicek, Roman"]
[Black "Mizak, Jan"]
[Result "0-1"]
[WhiteElo "1694"]
[BlackElo "2064"]
[PlyCount "94"]
[EventDate "2010.10.17"]
[EventType "team-tourn"]
[EventRounds "11"]
[EventCountry "CZE"]
[SourceTitle "EXT 2012"]
[Source "ChessBase"]
[SourceDate "2011.11.24"]
[SourceVersion "1"]
[SourceVersionDate "2011.11.24"]
[SourceQuality "1"]
[WhiteTeam "Postoupky"]
[BlackTeam "Adamov"]
[WhiteTeamCountry "CZE"]
[BlackTeamCountry "CZE"]

1. e4 c5 2. Nf3 d6 3. d4 cxd4 4. Nxd4 Nf6 5. Nc3 g6 6. Be2 Bg7 7. Be3 0-0 8. Qd2 Nc6 9. 0-0 Bd7 10. Rad1 Ng4 11. Bxg4 Bxg4 12. f3 Bd7 13. Kh1 a6 14. Nd5 Rc8 15. c3 Nxd4 16. Bxd4 Bb5 17. Rfe1 Bc4 18. Bxg7 Kxg7 19. Qd4+ e5 20. Qb6 Bxd5 21. Qxd8 Rfxd8 22. Rxd5 Kf6 23. Red1 Ke6 24. Kg1 f5 25. Kf2 Rc4 26. Ke3 b5 27. R1d3 f4+ 28. Kf2 g5 29. h3 Rd7 30. a3 Rc5 31. Rxc5 dxc5 32. Rxd7 Kxd7 33. b4 Ke6 34. g4 fxg3+ 35. Kxg3 cxb4 36. cxb4 Kf6 37. Kg2 Kg6 38. Kf2 Kh5 39. Kg3 h6 40. Kg2 Kh4 41. Kh2 h5 42. Kg2 g4 43. hxg4 hxg4 44. Kf2 gxf3 45. Kxf3 Kh3 46. Kf2 Kg4 47. Ke2 Kf4 0-1

[Event "CZE-chT2E 1011"]
[Site "Czech Republic"]
[Date "2010.10.17"]
[Round "1.8"]
[White "Vlk, Miroslav"]
[Black "Mizak, Jan"]
[Result "1/2-1/2"]
[WhiteElo "2060"]
[BlackElo "2064"]
[PlyCount "41"]
[EventDate "2010.10.17"]
[EventType "team-tourn"]
[EventRounds "11"]
[EventCountry "CZE"]
[SourceTitle "EXT 2012"]
[Source "ChessBase"]
[SourceDate "2011.11.24"]
[SourceVersion "1"]
[SourceVersionDate "2011.11.24"]
[SourceQuality "1"]
[WhiteTeam "Znojmo"]
[BlackTeam "Adamov"]
[WhiteTeamCountry "CZE"]
[BlackTeamCountry "CZE"]

1. d4 d5 2. c4 Nf6 3. Nc3 e6 4. Bg5 Be7 5. e3 0-0 6. Nf3 h6 7. Bh4 b6 8. Be2 Bb7 9. cxd5 Nxd5 10. Bxe7 Qxe7 11. 0-0 Nxc3 12. bxc3 Nd7 13. c4 c5 14. Qb3 Nf6 15. a4 Rfd8 16. a5 Qc7 17. axb6 axb6 18. Rab1 Bxf3 19. Bxf3 Rab8 20. Rfd1 Rd6 21. h3 1/2-1/2

[Event "CZE-chT2d 0607"]
[Site "Czech Republic"]
[Date "2007.03.11"]
[Round "9"]
[White "Cesenek, Jiri"]
[Black "Mizak, Jan"]
[Result "1-0"]
[WhiteElo "1954"]
[BlackElo "2028"]
[PlyCount "113"]
[EventDate "2006.10.15"]
[EventType "team"]
[EventRounds "11"]
[EventCountry "CZE"]
[SourceTitle "EXT 2009"]
[Source "ChessBase"]
[SourceDate "2008.11.26"]
[SourceVersion "1"]
[SourceVersionDate "2008.11.26"]
[SourceQuality "1"]

1. e4 c5 2. Nf3 d6 3. d4 cxd4 4. Nxd4 Nf6 5. Nc3 g6 6. Bc4 Bg7 7. Be3 0-0 8. 0-0 Nc6 9. Bb3 Bd7 10. f3 a6 11. Qd2 Rc8 12. Rad1 Qc7 13. Nd5 Nxd5 14. exd5 Nxd4 15. Bxd4 Bxd4+ 16. Qxd4 Qc5 17. Rfe1 Rfe8 18. Re3 Qxd4 19. Rxd4 Bf5 20. c4 Rc7 21. g4 Bd7 22. Bd1 e5 23. dxe6 Bxe6 24. b3 Rd8 25. Red3 Rc6 26. f4 b5 27. Bf3 bxc4 28. Bxc6 cxd3 29. Bb7 Bc8 30. Bf3 f5 31. h3 Kf7 32. g5 Ke7 33. Rxd3 Be6 34. Rc3 Rc8 35. Rxc8 Bxc8 36. b4 Be6 37. a3 Bc4 38. Kf2 d5 39. Ke3 Kd6 40. Kd4 Kc6 41. h4 Kb5 42. Bd1 a5 43. bxa5 Kxa5 44. Kc5 Ba2 45. h5 Bc4 46. hxg6 hxg6 47. Bf3 Ka4 48. Bxd5 Be2 49. Bf7 Bh5 50. Kd5 Kxa3 51. Ke5 Kb4 52. Kf6 Kc5 53. Bxg6 Be2 54. Bxf5 Kd6 55. g6 Bc4 56. g7 Bg8 57. Bg6 1-0

[Event "Bohemia South-chT 0405"]
[Site "Czech Republic"]
[Date "2005.??.??"]
[Round "?"]
[White "Urban, Vlastimil"]
[Black "Mizak, Jan"]
[Result "1-0"]
[WhiteElo "2050"]
[BlackElo "1915"]
[PlyCount "99"]
[EventDate "2004.10.??"]
[EventType "team"]
[EventRounds "11"]
[EventCountry "CZE"]
[SourceTitle "EXT 2007"]
[Source "ChessBase"]
[SourceDate "2006.11.23"]
[SourceVersion "1"]
[SourceVersionDate "2006.11.23"]
[SourceQuality "1"]

1. d4 d5 2. c4 e6 3. Nc3 Nf6 4. Nf3 c5 5. cxd5 exd5 6. Bg5 Be6 7. dxc5 Bxc5 8. e3 0-0 9. Bd3 h6 10. Bh4 Bb4 11. Rc1 Nbd7 12. 0-0 Bxc3 13. Rxc3 Bg4 14. h3 Bxf3 15. Qxf3 Qa5 16. a3 Qb6 17. b4 d4 18. exd4 Qxd4 19. Rc4 Qb6 20. Bg3 Rfc8 21. Rfc1 Rxc4 22. Rxc4 Ne8 23. Be4 Nd6 24. Bxd6 Qxd6 25. Rc1 Ne5 26. Qg3 Rb8 27. Rc5 f6 28. Qb3+ Kh8 29. Qc2 Rd8 30. Rd5 Qe7 31. Rxd8+ Qxd8 32. Bxb7 Qe7 33. Be4 g5 34. Qc8+ Kg7 35. Qf5 Kf8 36. Qc8+ Kg7 37. Bd5 Nf7 38. Qb7 Qxb7 39. Bxb7 Nd6 40. Bc6 Nc4 41. a4 a5 42. Bb5 Nb6 43. bxa5 Nc8 44. a6 Kf7 45. Bc6 Ke6 46. Kf1 Kd6 47. Bb7 Na7 48. Ke2 Kc5 49. Kd3 f5 50. g4 1-0